000 00537nam a2200193Ia 4500
003 OSt
005 20241127140335.0
008 210210b1967 xxu||||| |||| 00| 0 eng d
040 _cAL
041 _aHindi
082 _a863/17
100 _aSABHA (D B H P)
_9145298
_dसभा (डी बी हेच पि).
245 _aSuryodaya
_bसूर्योदय
260 _aMadras
_bDakshin Bharat Hindi Pracha Sabha
_c1967
650 _aSUryodaya
_9145299
690 _aHindi Drama
_9145300
906 _a023393
942 _2ddc
_cBK
999 _c148360
_d148360